000 00372nam a22001577a 4500
999 _c524711
_d524711
003 NUST
038 _awaseem
082 _a891.421
_bGOR
100 _aGormati, Saleem Sabir
_915504
245 _aBang /
300 _a122 p. ;
500 _aHardcover.
880 _6100-01\r
_a سلیم صابر گورماٹی
880 _6245-02\r
_a بانگ /
942 _2ddc
_cBK